Exploring the senses / (Record no. 95160)

MARC details
000 -LEADER
fixed length control field 00728nam a22002177a 4500
005 - DATE AND TIME OF LATEST TRANSACTION
control field 20170208111557.0
010 ## - LCCN (DPL NO)
LC control number ENG-113586
020 ## - INTERNATIONAL STANDARD BOOK NUMBER
International Standard Book Number 9780415711067
Terms of availability 995.00
035 ## - SYSTEM CONTROL NUMBER
System control number EN-97118
037 ## - SOURCE OF ACQUISITION
Source of stock number/acquisition DBAD/PUB
082 ## - DEWEY DECIMAL CLASSIFICATION NUMBER
Classification number 390
245 ## - TITLE STATEMENT
Title Exploring the senses /
Statement of responsibility, etc edited by Axel Michaels [and] Christoph Wulf
260 ## - PUBLICATION, DISTRIBUTION, ETC. (IMPRINT)
Place of publication, distribution, etc New Delhi
Name of publisher, distributor, etc Routledge
Date of publication, distribution, etc 2014
270 ## - ADDRESS
Address 912 Tolstoy House, 15-17 Tolstoy Marg, Connaught Place
City New Delhi
Postal code 110001
300 ## - PHYSICAL DESCRIPTION
Extent vi,342p.
Dimensions 24cm(Hb)
490 ## - SERIES STATEMENT
Series statement South Asian and European perspectives on rituals and performativity
500 ## - GENERAL NOTE
General note Includes bibliographical references
700 ## - ADDED ENTRY--PERSONAL NAME
Personal name Michaels, Axel
700 ## - ADDED ENTRY--PERSONAL NAME
Personal name Wulf, Christoph
942 ## - ADDED ENTRY ELEMENTS (KOHA)
Source of classification or shelving scheme Dewey Decimal Classification
Item type English Books
Call number suffix EXP
Classification part 390
Holdings
Withdrawn status Lost status Not for loan Collection code Home library Current library Date acquired Source of acquisition Cost, normal purchase price Full call number Barcode Copy number Cost, replacement price Koha item type
      Non-fiction Central Library Central Library 22/07/2015 DBAD 995.00 390 EXP EN-97118 1 995.00 English Books

© Delhi Public Library
Hit Counter
free hit counter